Statystyki dla Dni tygodnia w językach europejskich

Kliknij tutaj aby rozwiązać quiz!

Ogólne statystyki

  • Ten quiz został rozwiązany 45 razy
  • Średni wynik to 7 z 21

Statystyki odpowiedzi

DzieńJęzykDzień
w języku...
% Poprawnych
PoniedziałekNiemieckiMontag
88%
PiątekNiemieckiFreitag
63%
WtorekNiemieckiDienstag
59%
SobotaNiemieckiSamstag
59%
NiedzielaNiemieckiSonntag
59%
CzwartekNiemieckiDonnerstag
51%
ŚrodaNiemieckiMittwoch
49%
NiedzielaHiszpańskiDomingo
34%
SobotaHiszpańskiSábado
34%
PiątekHiszpańskiViernes
32%
CzwartekHiszpańskiJueves
29%
PoniedziałekHiszpańskiLunes
29%
WtorekHiszpańskiMartes
29%
ŚrodaHiszpańskiMiércoles
29%
NiedzielaFrancuskiDimanche
15%
PoniedziałekFrancuskiLundi
15%
WtorekFrancuskiMardi
15%
CzwartekFrancuskiJeudi
12%
ŚrodaFrancuskiMercredi
12%
SobotaFrenchSamedi
12%
PiątekFrancuskiVendredi
12%

Rozkład punktacji

Percentyl według liczby udzielonych odpowiedzi

Procent ludzi z każdym wynikiem

Twoja historia wyników

Nie rozwiązałeś tego quizu